LEADER 03622nam 2200661 450 001 9910794039503321 005 20200824181918.0 010 $a1-5261-3496-9 010 $a1-5261-5548-6 010 $a1-5261-3495-0 024 7 $a10.7765/9781526134950 035 $a(CKB)4100000011254960 035 $a(OCoLC)1157917157 035 $a(MdBmJHUP)muse82628 035 $a(MiAaPQ)EBC6206908 035 $a(StDuBDS)EDZ0002390490 035 $a(DE-B1597)660166 035 $a(DE-B1597)9781526134950 035 $a(EXLCZ)994100000011254960 100 $a20200319e20212020 fy| 0 101 0 $aeng 135 $aur|||||||nn|n 181 $ctxt$2rdacontent 182 $cc$2rdamedia 183 $acr$2rdacarrier 200 04$aThe power of pragmatism $eknowledge production and social inquiry /$fJane Wills and Robert Lake$b[electronic resource] 210 1$aManchester :$cManchester University Press,$d2021. 215 $a1 online resource (ix, 290 pages) : $cillustrations 225 1 $aManchester scholarship online 300 $aPreviously issued in print: 2020. 311 $a1-5261-3494-2 320 $aIncludes bibliographical references and index. 327 $aIntroduction : the power of pragmatism / Jane Wills and Robert W. Lake -- Habits of social inquiry and reconstruction : a Deweyan vision of democracy and social research / Malcolm P. Cutchin -- Appreciating the situation : Dewey's pragmatism and its implications for the spatialisation of social science / Gary Bridge -- Mead, subjectivity and urban politics / Crispian Fuller -- Rorty, conversation and the power of maps / Trevor Barnes -- Embodied ignorances : a pragmatist responds to epistemic and other kinds of frictions in the academy / Susan Saegert -- Truth and academia in times of fake news, alternative facts and filter bubbles : a pragmatist notion of critique as mediation / Klaus Geiselhart -- Learning from experience : pragmatism and politics in place / Alice E. Huff -- Reflections on an experiment in pragmatic social research and knowledge production / Liam Harney and Jane Wills -- Ecological crisis, action and pragmatic humanism / Meg Holden -- Pragmatism, anti-representational theory and local methods for critical-creative ecological action / Owain Jones -- Pragmatism and contemporary planning theory : going beyond a communicative approach / Ihnji Jon -- Exploring possibilities for a pragmatic orientation in development studies / Alireza F. Farahani and Azadeh Hadizadeh Esfahani -- The quest for uncertainty : pragmatism between rationalism and sentimentality / Robert W. Lake -- Who's afraid of pragmatism? / Clive Barnett. 330 8 $aMaking the case for a pragmatist approach to social inquiry and knowledge production, sixteen contributors illustrate the power of pragmatism to inform democratic, community-centred, action-oriented research. 410 0$aManchester scholarship online. 606 $aPragmatism 606 $aInquiry (Theory of knowledge) 610 $aCommunity. 610 $aDemocracy. 610 $aJohn Dewey. 610 $aKnowledge production. 610 $aPragmatism. 610 $aResearch philosophy. 610 $aResearch practice. 610 $aRichard Rorty. 610 $aSocial inquiry. 610 $aSocial research. 615 0$aPragmatism. 615 0$aInquiry (Theory of knowledge) 676 $a149.2 702 $aWills$b Jane 702 $aLake$b Robert 801 0$bStDuBDS 801 1$bStDuBDS 906 $aBOOK 912 $a9910794039503321 996 $aThe power of pragmatism$93784259 997 $aUNINA LEADER 03821nam 2200649Ia 450 001 9910782782703321 005 20230721004237.0 010 $a1-281-87897-9 010 $a9786611878979 010 $a0-8135-4581-1 024 7 $a10.36019/9780813545813 035 $a(CKB)1000000000691951 035 $a(EBL)370487 035 $a(OCoLC)476205582 035 $a(SSID)ssj0000121956 035 $a(PQKBManifestationID)11130294 035 $a(PQKBTitleCode)TC0000121956 035 $a(PQKBWorkID)10110904 035 $a(PQKB)11426598 035 $a(OCoLC)966768240 035 $a(MdBmJHUP)muse54536 035 $a(DE-B1597)529142 035 $a(DE-B1597)9780813545813 035 $a(Au-PeEL)EBL370487 035 $a(CaPaEBR)ebr10256741 035 $a(CaONFJC)MIL187897 035 $a(OCoLC)1164121503 035 $a(MiAaPQ)EBC370487 035 $a(EXLCZ)991000000000691951 100 $a20080226d2009 uy 0 101 0 $aeng 135 $aur|n|---||||| 181 $ctxt 182 $cc 183 $acr 200 10$aChristmas trees for pleasure and profit$b[electronic resource] /$fRobert D. Wray 205 $a4th ed. 210 $aNew Brunswick, N.J. $cRutgers University Press$d2009 215 $a1 online resource (199 p.) 300 $aDescription based upon print version of record. 311 $a0-8135-4416-5 320 $aIncludes bibliographical references and index. 327 $tFrontmatter -- $tCONTENTS -- $tPreface -- $t1. A Growing Business -- $t2. Selecting Land -- $t3. Species to Grow -- $t4. Where to Get Trees -- $t5. Choosing the Planting Stock -- $t6. Preparing the Ground -- $t7. When to Plant Trees -- $t8. Care and Handling of Planting Stock -- $t9. Planning and Managing the Plantation -- $t10. Spacing of Trees -- $t11. The Planting Job -- $t12. Keeping Plantations Clean -- $t13. Shearing -- $t14. Protecting the Plantation -- $t15. Grading Christmas Trees -- $t16. Harvesting -- $t17. Going to Market -- $t18. Other Products of the Plantation -- $t19. Profits?and Taxes -- $t20. A Parting Word -- $tSuggested Literature -- $tIndex -- $tABOUT THE AUTHOR 330 $aChristmas Trees for Pleasure and Profit is for anyone who enjoys being and working outdoors and is seeking a profitable hobby or small business venture. Robert Wray has updated this fourth edition to include the latest techniques and tools for harvesting trees, new methods of transport, the most recent data on herbicides, and advice on how to run a Christmas-tree business today. A perennial bestseller, this illustrated guide covers selecting land, choosing species, planting, harvesting, and managing a plantation. Wray provides guidance for choosing species suitable for the grower's situation, where and how to get planting stock, and how to care for it. The planting process is described in detail, including both hand and machine methods. The book presents useful techniques for protecting the growing trees from weeds, animals, fire, insects, and disease, and offers a full description of shearing or shaping trees to improve their form and densityłkeys to a successful crop. As the grower's job is not done until the trees are sold, issues of grading, harvesting, advertising, and marketing are examined. A chapter on finances deals with costs, profits, and taxes. From novice to experienced grower, there is something in this book for everyone. 606 $aChristmas tree growing 606 $aChristmas trees 615 0$aChristmas tree growing. 615 0$aChristmas trees. 676 $a635.9/775 700 $aWray$b Robert D$01500475 801 0$bMiAaPQ 801 1$bMiAaPQ 801 2$bMiAaPQ 906 $aBOOK 912 $a9910782782703321 996 $aChristmas trees for pleasure and profit$93727213 997 $aUNINA